[Event "Finistere-chT 0102"]
[Site "Finistere"]
[Date "2002.01.26"]
[Round "4.16"]
[White "Benard, Serge"]
[Black "Plassart, Stephanie"]
[Result "1-0"]
[WhiteElo "1440"]
[BlackElo "1190"]
[PlyCount "27"]
[EventDate "2001.??.??"]
[EventType "team"]
[EventRounds "7"]
[EventCountry "FRA"]
[SourceTitle "EXT 2003"]
[Source "ChessBase"]
[SourceDate "2002.11.25"]
[SourceVersion "1"]
[SourceVersionDate "2002.11.25"]
[SourceQuality "1"]

1. e4 e6 2. d4 Nf6 3. Bg5 c5 4. c3 Be7 5. Nd2 cxd4 6. cxd4 Qa5 7. Bd3 Nxe4 8. Bxe7 Nxd2 9. b4 Qd5 10. Qxd2 Qxg2 11. Qg5 Qxh1 12. Bd6 f6 13. Qxg7 e5 14. Qe7# 1-0